Cheops et la grande pyramide : l'apogée de l'ancien empire d'Egypte /

محفوظ في:

المؤلف الرئيسي: Muck, Otto, 1928- (مؤلف)

مؤلفون آخرون: Hergé, 1907-1983.

التنسيق: كتاب

اللغة: French

منشور في: Paris : Payot, 1961.

سلاسل: Bibliotheque historique.

الموضوعات:

الوسوم: إضافة وسم

لا توجد وسوم, كن أول من يضع وسما على هذه التسجيلة!

رقم الطلب: DT63 .M913 1961

LEADER 01003namaa2200289 4500
001 23285
003 OSt
005 20250629123107.0
008 130303s1961 fr b 000 0 fre d
040 |c ARCE Library 
043 |a f-ua--- 
050 4 |a DT63 .M913 1961 
100 1 |a Muck, Otto,   |d 1928-   |e author  |9 36341 
245 1 0 |a Cheops et la grande pyramide :   |b l'apogée de l'ancien empire d'Egypte /   |c Otto Muck ; traduit de l'allemand par Georges Remy.  
264 1 |a Paris :   |b Payot,   |c 1961. 
300 |a 203 pages ;   |c 22 cm. 
490 0 |a Bibliotheque historique. 
504 |a Bibliographie sommaire : page [204] 
555 |a https://rutgers.primo.exlibrisgroup.com/discovery/sourceRecord?vid=01RUT_INST:01RUT&docId=alma991009247749704646&recordOwner=01RUT_INST 
555 |a shimaa 
600 0 0 |a Cheops,   |c King of Egypt. 
650 0 |a Pyramids  |z Egypt. 
650 0 |a Great Pyramid (Egypt). 
700 1 |a Hergé,  |d 1907-1983.  |9 31946 
901 |a reviewed 
942 |c BK  |2 lcc 
999 |c 20527  |d 20527